Subaltern urbanisation in India: an introduction to the dynamics of ordinary towns (Record no. 9039)
[ view plain ]
| 000 -LEADER | |
|---|---|
| fixed length control field | 00528nam a2200181Ia 4500 |
| 020 ## - INTERNATIONAL STANDARD BOOK NUMBER | |
| ISBN | 9788132236146 |
| 082 ## - DEWEY DECIMAL CLASSIFICATION NUMBER | |
| Classification number | 307.20954 SUB |
| 245 #0 - TITLE STATEMENT | |
| Title | Subaltern urbanisation in India: an introduction to the dynamics of ordinary towns |
| 260 ## - PUBLICATION, DISTRIBUTION, ETC. (IMPRINT) | |
| Place of publication | New Delhi |
| Name of publisher | Springer |
| Year of publication | 2017 |
| 300 ## - PHYSICAL DESCRIPTION | |
| Number of Pages | xxxvi, 614p |
| 440 ## - SERIES STATEMENT/ADDED ENTRY--TITLE | |
| Title | Exploring urban change in South Asia |
| 650 ## - SUBJECT ADDED ENTRY--TOPICAL TERM | |
| Topical Term | Urban development |
| 650 ## - SUBJECT ADDED ENTRY--TOPICAL TERM | |
| Topical Term | Urbanization |
| Geographic subdivision | India |
| 650 ## - SUBJECT ADDED ENTRY--TOPICAL TERM | |
| Topical Term | Social development |
| 700 ## - ADDED ENTRY--PERSONAL NAME | |
| Personal name | Denis, Eric |
| 700 ## - ADDED ENTRY--PERSONAL NAME | |
| Personal name | Zerah, Marie-Helene |
| 942 ## - ADDED ENTRY ELEMENTS (KOHA) | |
| Koha item type | Books |
| Source of classification or shelving scheme | Dewey Decimal Classification |
| Withdrawn status | Lost status | Damaged status | Not for loan | Home library | Current library | Date acquired | Source of acquisition | Bill Date | Full call number | Accession Number | Price effective from | Koha item type |
|---|---|---|---|---|---|---|---|---|---|---|---|---|
| NASSDOC Library | NASSDOC Library | 09/01/2018 | Gifted by : Centre for policy Research | 2017-11-23 | 307.20954 SUB | 49546 | 18/04/2019 | Books |
